[Event "ICS Rated blitz match"]
[Site "207.99.83.229"]
[Date "1999.07.20"]
[Round "?"]
[White "Hossa"]
[Black "Murder1"]
[Result "0-1"]
[WhiteElo "2400"]
[BlackElo "2535"]
[Annotator "Hiarcs 6.0 (21s)"]
[PlyCount "165"]
[EventDate "1999.??.??"]

1. d4 1... d5 {Opening = 5.cd5 Nd5 6.e4} 2. c4 e6 3. Nc3 Nf6 4. cxd5 Nxd5 5. e4
Nxc3 6. bxc3 c5 7. Nf3 Be7 (7... cxd4 8. cxd4 Nc6 (8... Bb4+ 9. Bd2 Bxd2+ 10.
Qxd2 O-O 11. Bc4 b6 12. d5 Ba6 13. Bxa6 Nxa6 14. d6 f6 15. O-O Qd7 16. e5 Rac8
17. Rfe1 17... Nc5 {- Zhu Chen-Van Wely,L/4th ST Lee Cup, Beijing CHN 1997 (17)
}) 9. Bd3 Bb4+ 10. Bd2 O-O 11. Bxb4 Nxb4 12. Bb1 b6 13. O-O Bb7 14. a3 Nc6 15.
Qd3 Qf6 16. Qe3 Rad8 17. Rd1 Rd7 18. Ra2 18... Ne5 {
- Van Wely,L-Piket,J/It, Groningen NED (8) 1995 (18)}) 8. Bb5+ $146 (8. Rb1 O-O
9. Bc4 Nc6 10. O-O Na5 11. Bd3 b6 12. Re1 Bb7 13. Bf4 Rc8 14. Qe2 cxd4 15. cxd4
Bd6 16. Bd2 Nc6 17. e5 Be7 18. Qe4 g6 19. Bh6 Re8 20. Rbd1 Rc7 21. Qf4 Nb4 22.
Ng5 22... Bf8 {
Rasmussen,P-Klartansson,D/Politiken, Copenhagen DEN (4) 1996/0-1 (39)}) 8...
Bd7 9. Rb1 9... O-O $14 (9... Qa5 10. Bxd7+ Nxd7 11. O-O $11) 10. Bxd7 Qxd7 11.
Ne5 Qc7 12. Qb3 b6 13. O-O Nc6 14. Nxc6 Qxc6 15. f3 Rfd8 16. Be3 16... Rac8 {
Will c4 spielen} 17. Rbd1 Qc7 18. Rc1 Qd7 19. Rfd1 c4 20. Qc2 b5 21. Qe2 21...
a5 {Ermoeglicht auch b4} 22. Rf1 Qc6 23. Rb1 23... b4 {Schwarz erobert Raum}
24. Qc2 24... bxc3 {Der Freibauer marschiert} 25. Qxc3 Qa4 26. Rf2 Bb4 27. Qc1
27... c3 {Schwarz spielt seinen Trumpf aus} 28. Qc2 Qxc2 29. Rxc2 Rc4 30. f4
Kf8 31. Kf2 Ke7 32. Kf3 h5 33. f5 {Weiss gewinnt Raum} 33... exf5 34. exf5 Kf6
35. Ke4 Re8+ 36. Kd3 36... Rc7 $14 (36... Rc6 37. Rf1 $11) 37. Bc1 $15 (37. a3
$5 $142 {muss beachtet werden} 37... Bxa3 38. Rb6+ Ke7 39. Bf4 $14) 37... Rd7
38. a3 Bc5 39. Be3 39... Red8 {Wird der Isolani fallen?} 40. Kxc3 Bxd4+ 41.
Bxd4+ Rxd4 42. Rb6+ Kxf5 43. Rf2+ 43... Ke4 $1 {
die richtige Fortsetzung, um den Vorteil festzuhalten} 44. Re2+ Kf4 45. Rf2+
45... Ke3 $1 {haelt den Vorteil fest} 46. Rxf7 {Mit der Mattdrohung Re6} 46...
Rc8+ 47. Kb2 Rd2+ 48. Kb3 Rxg2 49. h3 (49. Rb5 49... g6 $17) 49... Rg3 50. Ka2
(50. Ka4 $5 50... Rc3 51. Kxa5 Rxa3+ 52. Kb4 Ke2 53. Rxg7 Rxh3 54. Re6+ Kf2 55.
Rf6+ Raf3 56. Rxf3+ Kxf3 57. Rf7+ 57... Kg2 $19) 50... Kd4 (50... Rc3 $5 51.
Rb5 Ke4 52. Re7+ Kd4 53. Rd7+ Kc4 54. Rxa5 Rg2+ 55. Kb1 Rb3+ 56. Kc1 Rxh3 57.
Rd2 Rh1+ 58. Kc2 $19) 51. Rf4+ Kd3 52. Rh4 (52. Rd6+ Kc3 53. Rf1 Rg2+ 54. Ka1
54... Rc5 $19) 52... Rc2+ 53. Kb3 Rc3+ 54. Ka2 54... g6 $1 {macht alles klar}
55. Rb2 (55. a4 55... Rg2+ $1 {ein unangenehmes Schach} 56. Kb1 Rg1+ 57. Ka2
Rc2+ 58. Rb2 Rgg2 59. Rxc2 Rxc2+ 60. Kb3 Rc3+ 61. Kb2 Rc4 62. Rxc4 62... Kxc4
$19) 55... g5 56. Rxh5 56... Kc4 {Droht Matt} 57. Kb1 57... Rxa3 {
a5 setzt sich schnell in Bewegung. Mit der Mattdrohung Rg1} 58. Rc2+ Kd4 59. h4
g4 60. Rg5 a4 61. h5 Rab3+ 62. Ka2 Ra3+ 63. Kb1 Kd3 64. Rd5+ Ke3 65. Rb5 65...
Rh3 {Schwarz haelt das Heft fest in der Hand} 66. Kb2 Rd3 67. Re5+ Kf4 68. Ra5
Rb3+ 69. Ka2 Ra3+ 70. Kb2 Rhb3+ 71. Kc1 71... g3 $1 {ganz unerschrocken} 72.
Kd2 (72. Rc4+ Kf3 73. Rg5 Ra1+ 74. Kd2 Ra2+ 75. Kc1 $19) 72... g2 {
Droht entscheidend Rd3} 73. Rc4+ Kg3 74. Rg5+ Kh2 75. Rh4+ (75. h6 {
hilft allerdings auch nicht} 75... Rh3 76. Rcg4 Ra2+ 77. Kc1 77... Rxh6 $19)
75... Rh3 {Droht Matt: Ra2} 76. Re4 g1=R 77. Re2+ Kh1 78. Rxg1+ Kxg1 79. Kc1
Rac3+ 80. Kd1 (80. Kb1 $19 {ist vielleicht noch ein Schwindelversuch}) 80...
Rhd3+ $1 {ein unangenehmes Schach} 81. Rd2 Rxd2+ (81... a3 $5 {ginge schneller}
82. Rxd3 Rxd3+ 83. Kc2 Rd2+ 84. Kb1 a2+ 85. Ka1 $19) 82. Kxd2 Rc8 (82... Rh3 $5
{und Schwarz haette es noch leichter} 83. h6 $19) 83. Ke2 0-1

[Event "ICS rated blitz match"]
[Site "207.99.83.229"]
[Date "1999.07.20"]
[Round "?"]
[White "topolino"]
[Black "Hossa"]
[Result "1-0"]
[WhiteElo "2616"]
[BlackElo "2390"]
[Annotator "Hiarcs 6.0 (21s)"]
[PlyCount "140"]
[EventDate "1999.??.??"]

1. d4 1... d5 {Opening = D40 - 4.Nf3 c5 5.---} 2. c4 e6 3. Nf3 Be7 (3... Nf6 4.
e3 c5 5. Nc3 Nc6 6. a3 cxd4 7. exd4 Be7 8. c5 Ne4 9. Qc2 f5 10. Bb5 Bf6 11. O-O
O-O 12. Bxc6 bxc6 13. Bf4 g5 14. Be5 g4 15. Bxf6 Rxf6 16. Ne5 Rh6 17. g3 Ng5
18. f4 {Hoelzl,F-Kharlov,A/Open 1996/ - (65)}) 4. e3 Nf6 5. Nc3 c5 6. cxd5 $146
(6. dxc5 Nc6 (6... Bxc5 7. cxd5 Nxd5 8. Nxd5 Qxd5 9. Qxd5 exd5 10. Be2 Nc6 11.
O-O d4 12. exd4 Bxd4 13. Nxd4 Nxd4 14. Bc4 O-O 15. Rd1 Nc6 16. Be3 Bf5 17. h3
Rfd8 18. Bd5 Rd6 19. Bf3 Rad8 20. Rxd6 Rxd6 21. Bxc6 {
Pranauskas,E-Patsourakis,A/Eu Y Ch b10, Rimavska Sobota (6) 1996/ - (63)}) 7.
cxd5 exd5 8. a3 Bxc5 9. b4 Be7 10. Be2 O-O 11. O-O Be6 12. Bb2 Rc8 13. Nd4 Nxd4
14. Qxd4 b6 15. Bf3 Rc4 16. Qd2 Ne4 17. Qd3 Nxc3 18. Bxc3 Bf6 19. Bxf6 Qxf6 20.
Bxd5 20... Rc3 {Acosta,M-Guzman,F/1st rank, Mar del Plata ARG 1996/1-0 (43)})
6... exd5 7. Bb5+ Nc6 8. Ne5 Qd6 9. O-O O-O 10. Nxc6 bxc6 11. dxc5 Qxc5 12. Bd3
Qb4 13. f3 {Staerkt e4+g4} 13... Qh4 14. Qe1 Qxe1 15. Rxe1 Be6 16. Ne2 16...
Rae8 $11 (16... Nd7 17. Nd4 Ne5 18. Bc2 $11) 17. Nd4 Bd7 18. Bd2 c5 19. Nf5 Bd8
20. Bc3 g6 21. Nh6+ Kg7 22. Ng4 Bxg4 23. fxg4 Kg8 24. Bb5 Re4 25. h3 {Deckt g4}
25... Ne8 26. Bc6 Nc7 27. Rad1 Bh4 28. Re2 28... Bg5 {
Isolierte Bauern sind verwundbar} 29. Bxd5 29... Nxd5 {
Der isolierte Bauer e3 wird weiter angegriffen} 30. Rxd5 Bxe3+ 31. Kf1 f5 32.
gxf5 Rxf5+ 33. Rxf5 gxf5 34. Bd2 Bd4 35. b3 h5 36. Ke1 Be5 37. Kf2 Bg3+ 38. Kf3
Rxe2 39. Kxe2 Kf7 40. Be3 Bd6 41. Kd3 h4 42. Kc4 Kf6 43. Bf2 Bg3 44. Bxc5 $1 {
triumphiert} 44... a6 45. Kd5 Bf4 (45... Kg5 46. b4 $18) 46. Bb4 Bc7 47. Kc6
Bd8 48. Kd7 (48. Kb7 {und Weiss haette es noch leichter} 48... a5 49. Bc3+ Kg5
50. Bd2+ 50... f4 $18) 48... Bb6 49. Be7+ Ke5 50. Bxh4 {
Der Freibauer h3 wird schnell zu einer gefaehrlichen Waffe} 50... Bd4 (50...
Kd5 {holt die Kuh nicht vom Eis} 51. Be1 $18) 51. Be1 Ke4 52. Kc6 Ke3 53. Kd5
Bb2 54. Bh4 (54. h4 {laesst dem Gegner kaum Chancen} 54... f4 $18) 54... f4 55.
Bg5 {Nun geraet Schwarz unter starken Druck.} 55... Kf2 56. Bxf4 Kxg2 57. h4
Kh3 58. Bg5 Bc3 59. Kc4 Be1 (59... Be5 $18 {haette noch versucht werden koennen
}) 60. h5 Bg3 61. h6 Be5 62. h7 (62. Be3 Kg4 63. Bd4 63... Bf4 $18) 62... Kg4
63. Be3 Kf5 64. Bd4 Bf4 65. h8=Q $1 {glaenzend gespielt} 65... Kg4 66. Qc8+ Kg3
67. Qxa6 Kf3 68. Qc6+ Kg4 69. Qg6+ Bg5 70. Be3 Kf3 1-0

[Event "ICS Rated blitz match"]
[Site "207.99.83.229"]
[Date "1999.07.20"]
[Round "?"]
[White "Hossa"]
[Black "topolino"]
[Result "0-1"]
[WhiteElo "2383"]
[BlackElo "2623"]
[Annotator "Hiarcs 6.0 (21s)"]
[PlyCount "98"]
[EventDate "1999.??.??"]

1. d4 1... d5 {Opening = D10 - 3.---} 2. c4 c6 3. Nc3 Nf6 4. cxd5 cxd5 5. f3 (
5. Bf4 Nc6 (5... e6 6. e3 Bd6 7. Bxd6 Qxd6 8. Nf3 Nc6 9. Bd3 Bd7 10. O-O Rc8
11. a3 11... Na5 {- Ksieski,Z-Bogdanovich,G/Untergrombach GER 1999 (11)}) 6. e3
a6 7. Bd3 Bg4 8. Nge2 e6 9. Rc1 Bd6 10. Qd2 Bxe2 11. Nxe2 O-O 12. O-O Re8 13.
h3 g6 14. Rfd1 Bxf4 15. Nxf4 Qd6 16. a3 Rad8 17. Bb1 Re7 18. Nd3 Ne4 19. Qe1
19... Rc7 {Salov,V-Short,N/Hoogovens, Wijk aan Zee NED 1997/ - (37)}) 5... Nc6
6. e4 6... dxe4 $146 (6... e6 7. e5 Nd7 8. f4 Bb4 9. Nf3 Qa5 10. Bd2 Qb6 11.
Na4 Bxd2+ 12. Qxd2 Qb4 13. Nc3 Nb6 14. Nb5 O-O 15. Rc1 Qxd2+ 16. Kxd2 f6 17.
Nd6 fxe5 18. fxe5 Nb4 19. a3 Nc6 20. Bb5 Bd7 21. Ke3 {
Hitech-Star Socrates/8th World Computer Chess Championships, 1995/0-1 (60)}) 7.
d5 Ne5 8. fxe4 Bd7 9. Bf4 Ng6 10. Bg5 Qb6 11. Qb3 11... Qxb3 {
Haelt den Koenig im Zentrum fest} 12. axb3 {Befestigt a4} 12... a6 $11 {
Sichert b5} (12... e6 13. Nf3 $11) 13. Rc1 $15 (13. Nf3 13... e6 $11) 13... e6
14. Bxf6 {Weiss verhindert die lange Rochade} 14... gxf6 15. Nge2 $17 (15. Nf3
15... Bb4 $15) 15... Rc8 16. Ng3 Nf4 17. Kf2 (17. Rc2 17... Bd6 $17) 17... exd5
$15 (17... h5 $5 $142 18. Rd1 Bc5+ 19. Ke1 19... Rg8 $19) 18. exd5 18... Nxd5
$11 (18... Bd6 19. Bc4 $15) 19. Re1+ Ne7 20. Bc4 Rc6 21. Nge2 $17 (21. Bd5 $5
$142 {ist interessant} 21... Rb6 22. Nge4 $11) 21... f5 $15 (21... b5 22. Bd3
$17) 22. Rd1 22... Rc7 {Schwarz erhaelt starke Initiative} 23. Nf4 $17 (23. Nd4
23... Bg7 $15) 23... b5 $1 {
die richtige Fortsetzung, um den Vorteil festzuhalten} 24. Nfd5 Nxd5 25. Bxd5 (
25. Nxd5 $5 25... Bc5+ 26. Ke2 $17) 25... Bc5+ 26. Kg3 O-O 27. Ra1 $19 (27. Bf3
27... Kh8 $19) 27... b4 28. Ne2 Re8 29. Nf4 Re3+ 30. Kh4 30... Be7+ $17 (30...
Bb5 31. Rac1 $19) 31. Kh5 Bd6 32. Nh3 Bc6 33. Rad1 Be5 34. Nf2 (34. Rhe1 Rxe1
35. Rxe1 Bxd5 36. Rxe5 36... Bxg2 $19) 34... Bb5 35. Rb1 (35. Rd2 $19) 35...
Be2+ $1 {ein laestiges Schach} 36. Kg5 36... Rc5 $1 {nun ist alles klar} 37.
Nd1 (37. Rbd1 {macht keinen grossen Unterschied} 37... Bxd1 38. Nxd1 38... Rd3
$19) 37... h6+ 38. Kxf5 38... Rd3 $1 {das war die Absicht. Droht Matt: Rcxd5}
39. Kxe5 Rcxd5+ 40. Kf4 Bxd1 (40... R5d4+ 41. Ke5 Kg7 42. Rf1 Bxf1 43. Kf5 $19)
41. Ra1 (41. Rc1 {kann das Vorangegangene nicht ungeschehen machen} 41... R5d4+
$1 {ein laestiges Schach} 42. Ke5 42... Kg7 $19) 41... R5d4+ 42. Kf5 Bg4+ 43.
Ke5 Kg7 (43... f6+ 44. Kxf6 Rd6+ 45. Ke5 Re6+ 46. Kf4 Rd4+ 47. Kg3 Re3+ 48. Kf2
Rxb3 49. h3 $19) 44. Rxa6 f6+ 45. Rxf6 Rd5+ 46. Kf4 R3d4+ 47. Kg3 Kxf6 48. Rf1+
(48. h3 {aendert nichts am Ausgang der Partie} 48... Rd1 49. Rxd1 49... Bxd1
$19) 48... Rf5 (48... Bf5 $5 {ist genauer} 49. h3 $19) 49. Re1 (49. Rc1 $19 {
bot noch bessere Widerstandsmoeglichkeiten}) 49... Rd3+ $1 {ein boeses Schach}
(49... Rd3+ 50. Kxg4 h5+ 51. Kh4 Rf4+ 52. g4 Rxg4+ 53. Kxh5 Rf4 54. Re6+ Kxe6
55. Kg5 Re4 56. h4 Rg3+ 57. Kh5 Rgg4 58. Kh6 Rxh4+ 59. Kg7 Reg4+ 60. Kf8 Rh8#)
0-1

[Event "ICS Rated blitz match"]
[Site "207.99.83.229"]
[Date "1999.07.20"]
[Round "?"]
[White "Hossa"]
[Black "counterplay"]
[Result "0-1"]
[WhiteElo "2371"]
[BlackElo "2765"]
[Annotator "Hiarcs 6.0 (21s)"]
[PlyCount "56"]
[EventDate "1999.??.??"]

1. d4 1... Nf6 {Opening = E30 - 4.Bg5(h6 5.Bh4 c5 6.d5 ---)} 2. c4 e6 3. Nc3
Bb4 4. Bg5 h6 5. Bh4 c5 6. d5 Bxc3+ (6... b5 7. e4 g5 8. Bg3 Nxe4 9. Be5 O-O
10. Qh5 d6 11. Bd3 Nxc3 12. Qxh6 Ne4+ 13. Kf1 dxe5 14. Bxe4 f5 15. Qg6+ Kh8 16.
Qh6+ Kg8 17. Qg6+ Kh8 18. h4 g4 19. Qh6+ Kg8 20. Qg6+ {
- Yermolinsky,A-Shabalov,A/ch-USA, Parsippany (3) 1996 (20)}) 7. bxc3 d6 8.
Qa4+ $146 (8. f3 Qe7 9. e4 e5 (9... Nbd7 10. Be2 Nf8 11. Bg3 e5 12. Bd3 g5 13.
Qc2 Ng6 14. Ne2 Nh5 15. O-O-O Bd7 16. Kb1 O-O-O 17. Ka1 Kb8 18. Rb1 Nhf4 19.
Bxf4 exf4 20. g3 Qf6 21. Rhf1 Rhf8 22. Nc1 Ne5 23. g4 h5 24. h3 {
Kanep,M-Bar,R/Eu Y Ch b14, Rimavska Sobota (3) 1996/0-1 (41)}) 10. Bd3 Nbd7 11.
Ne2 Nf8 12. Bf2 h5 13. h4 Ng6 14. Qd2 Bd7 15. Be3 Nh7 16. Ng3 Nxh4 17. Nxh5
O-O-O 18. Qf2 Nf6 19. Nxg7 Nxf3+ 20. Ke2 Nh2 21. Nf5 Qf8 22. Nxd6+ 22... Qxd6 {
Garcia Palermo,C-Giaccio,A/Clarin GP Final, Villa Gisell ARG 1998/0-1 (40)}) (
8. Nf3 e5 9. Nd2 Nbd7 10. Qc2 Qe7 11. e3 e4 12. Be2 g5 13. Bg3 Nf8 14. f3 Bf5
15. O-O-O N8d7 16. h4 O-O-O 17. fxe4 Bxe4 18. Bd3 Bxd3 19. Qxd3 Kc7 20. Rhf1
Ng4 21. Qe4 Nde5 22. Bxe5 22... Nxe5 {
Fernandez,M-Servat,R/Najdorf Open (3) 1995/0-1 (41)}) 8... Bd7 9. Qb3 9... exd5
$11 (9... b6 10. dxe6 fxe6 11. Rd1 $15) 10. cxd5 Bc8 11. e4 O-O 12. Bd3 Qe7 13.
O-O-O b5 14. Qxb5 Qe5 15. Bxf6 $15 (15. Ne2 Ba6 16. Qb1 16... Nxe4 $11) 15...
Qxf6 16. Qb2 Qg5+ 17. f4 Qxf4+ 18. Qd2 18... Qe5 $11 (18... Qxd2+ 19. Kxd2 Nd7
20. Nf3 $11) 19. Rf1 $15 (19. Nf3 19... Qe7 $11) 19... Nd7 20. Nf3 Qe7 21. Qf4
Rb8 22. Kc2 22... Nf6 {Schwarz entwickelt eine toedliche Initiative} 23. Rb1
$17 (23. Nd2 $5 $15) 23... g5 24. Qc1 Bd7 25. Qe1 $19 (25. Rxb8 $5 25... Rxb8
26. Re1 $17) 25... Ba4+ 26. Kc1 Rxb1+ 27. Bxb1 (27. Kxb1 27... Re8 $19) 27...
Rb8 $17 (27... Qb7 28. h3 Rb8 29. Kd2 Qb2+ 30. Ke3 $19) 28. Rf1 $4 $19 {
schlecht aber verstaendlich} (28. h3 $17 $142) 28... Qb7 {Droht Matt} (28...
Qb7 29. Kd2 Qb2+ 30. Kd3 c4+ 31. Ke3 Ng4+ 32. Kd4 Qb6+ 33. Kxc4 Ne5+ 34. Nxe5
Bb5+ 35. Kb3 Bd3+ 36. Ka4 Qa6#) 0-1

[Event "ICS Rated blitz match"]
[Site "207.99.83.229"]
[Date "1999.07.20"]
[Round "?"]
[White "counterplay"]
[Black "Hossa"]
[Result "1-0"]
[WhiteElo "2768"]
[BlackElo "2368"]
[Annotator "Hiarcs 6.0 (21s)"]
[PlyCount "94"]
[EventDate "1999.??.??"]

1. d4 1... d5 {Opening = D52 - 5.e3 c6 6.Nf3} 2. c4 e6 3. Nc3 Nf6 4. Bg5 c6 5.
e3 Nbd7 6. Nf3 Be7 (6... Qa5 7. cxd5 Nxd5 8. Qd2 Bb4 9. Rc1 h6 10. Bh4 O-O 11.
Bd3 Re8 12. a3 Bxc3 13. bxc3 Qxa3 14. O-O e5 15. Nxe5 Nxe5 16. dxe5 Qc5 17. Kh1
Be6 18. e4 Nb6 19. f4 Bc4 20. Rf3 Bxd3 21. Rxd3 {
Shirov,A-Piket,J/Amsterdam DONNER 1995/1-0 (36)}) 7. Bd3 dxc4 8. Bxc4 8... O-O
$146 (8... b5 9. Bd3 a6 10. O-O Bb7 11. Rc1 c5 12. dxc5 Nxc5 13. Be2 O-O 14.
Bxf6 Bxf6 15. Nxb5 axb5 16. Rxc5 Rxa2 17. Rxb5 Qxd1 18. Rxd1 Ba6 19. Bc4 Ra4
20. b3 Bxb5 21. Bxb5 Ra2 22. Kf1 Rb2 23. Bc4 Ra8 24. Ne1 Raa2 25. Nd3 Rc2 26.
Kg1 Bc3 27. Nc1 Rd2 28. Nxa2 Rxd1+ 29. Bf1 Bd2 30. b4 30... Ra1 {
0-1 Gomes,P-Sisato,O/Eu Y Ch b14, Rimavska Sobota (2) 1996 (30)}) 9. O-O Nd5
10. Bxe7 Qxe7 11. Ne4 N7b6 12. Bd3 12... f6 {Kontrolliert e5+g5} 13. Nc5 Kh8
14. Qb1 f5 15. Ne5 Rb8 16. Qd1 16... Qh4 $18 (16... Nd7 17. Ncxd7 Bxd7 18. Rc1
$16) 17. a4 {Weiss haelt das Heft fest in der Hand} 17... Nb4 18. a5 N6d5 19.
Ned7 Bxd7 20. Nxd7 Kg8 21. Nxf8 Rxf8 22. a6 b6 23. Qd2 Rf6 24. Rac1 (24. Rfc1
$5 24... Rh6 25. h3 25... Rg6 $18) 24... Rh6 {Es droht Matt} 25. h3 Rg6 26. Kh1
Kh8 (26... Qe7 27. Rg1 $18) 27. Bc4 Qe4 (27... Qe7 28. Ra1 $18) 28. Rg1 28...
Rh6 {Droht Matt: Rxh3} 29. Kh2 e5 30. Bxd5 Nxd5 31. f3 Qxe3 32. Qxe3 Nxe3 33.
dxe5 Re6 34. f4 g5 35. g3 Nd5 (35... Kg7 {macht keinen grossen Unterschied} 36.
Rge1 gxf4 37. gxf4 $18) 36. fxg5 Nb4 37. Rcd1 $1 {die Entscheidung} 37... Rxe5
38. Rd8+ Kg7 39. Rd7+ Kg6 40. Rxa7 Ra5 41. Re1 {Mit der Mattdrohung Re6} 41...
Kxg5 42. Re6 (42. Rg7+ $5 {laesst dem Gegner kaum Chancen} 42... Kf6 43. Rge7
f4 44. R1e6+ 44... Kg5 $18) 42... f4 43. Rf7 {Es droht Matt} 43... Nd3 44. a7 {
Droht Matt} 44... Ra2 45. a8=Q {Mit der Mattdrohung Qd8} 45... Rxb2+ 46. Kh1
Nf2+ 47. Kg1 $1 {Boing!} 47... Nxh3+ 1-0

[Event "ICS Rated blitz match"]
[Site "207.99.83.229"]
[Date "1999.07.20"]
[Round "?"]
[White "Hossa"]
[Black "topolino"]
[Result "0-1"]
[WhiteElo "2365"]
[BlackElo "2621"]
[Annotator "Hiarcs 6.0 (21s)"]
[PlyCount "83"]
[EventDate "1999.??.??"]

1. d4 1... d5 {Opening = D20 - 3.---} 2. c4 dxc4 3. e4 e5 4. Nf3 Bb4+ 5. Bd2
Bxd2+ 6. Nbxd2 exd4 7. Bxc4 Nc6 8. O-O Qf6 9. e5 (9. b4 a6 (9... Bg4 10. Qa4
Bd7 11. b5 Nd8 12. e5 Qb6 13. Bd3 Ne7 14. Qa3 Ne6 15. Rfc1 Nf4 16. Nc4 Qh6 17.
Bf1 Qg6 18. Kh1 d3 19. b6 Bc6 20. bxc7 Nh3 21. Nd6+ Kd7 22. e6+ Qxe6 23. Nxf7
Nxf2+ 24. Kg1 Nh3+ 25. Kh1 Nf2+ 26. Kg1 Nh3+ 27. Kh1 {
- Rausis,I-Westerinen,H/VISA GP, Reykjavik ISL 1998 (27)}) 10. a4 Nxb4 11. e5
Qg6 12. Nxd4 Ne7 13. Ra3 O-O 14. Rg3 Qh6 15. Ne4 Nf5 16. Rg5 Nxd4 17. Nf6+ Kh8
18. Rh5 Qxh5 19. Qxh5 gxf6 20. Qh4 Nf5 21. Qxf6+ Kg8 22. Rd1 Be6 23. Bxe6 23...
fxe6 {Gurevich,M-Meins,G/Open, Groningen NED 1997/1-0 (35)}) 9... Qg6 10. Nh4
$15 (10. Nb3 Nge7 11. Re1 O-O 12. Nfxd4 Rd8 13. Nxc6 Nxc6 14. Qf3 Be6 15. Rac1
Bxc4 16. Rxc4 Rd3 17. Qe2 Rd5 18. Re4 Rad8 19. h3 Qe6 20. f4 g6 21. Qf2 b6 22.
Kh2 h5 23. Rc1 Qf5 24. Qe3 Rd3 25. Qe2 Na5 26. Nxa5 bxa5 27. e6 27... fxe6 {
- Epishin,V-Short,N/IV Torneo Magistral Comunidad de Madrid 1995 (27)}) (10.
Bb5 $5 $11 {muss erwogen werden}) 10... Qg4 11. Ndf3 $17 (11. Nhf3 11... Be6
$15) 11... Nge7 $15 (11... g5 $5 12. h3 12... Qh5 $15) 12. Qd2 12... O-O $15 (
12... Qh5 13. h3 $15) 13. h3 13... Qd7 $11 (13... Qh5 $5 $15 {ist bedenkenswert
}) 14. Rae1 Qd8 15. Rd1 {Der Druck auf d4 waechst} 15... Nd5 16. a3 {
Ueberdeckt b4} (16. Bb5 Nxe5 17. Qxd4 Nxf3+ 18. Nxf3 18... Be6 $15) 16... Be6
17. Bb5 17... Nxe5 {Schwarz geht zum Angriff ueber} 18. Qxd4 Nxf3+ 19. Nxf3 Nf6
20. Qe5 Bd5 21. Ng5 $17 (21. Rfe1 $5 $15) 21... c6 22. Bd3 Re8 23. Qf4 Qb6 24.
Rd2 Qa5 25. Rfd1 Bb3 26. Rc1 $4 $19 {der letzte Fehler} (26. Bc2 $142 26...
Bxc2 27. Rxc2 Re1+ 28. Rxe1 Qxe1+ 29. Kh2 $17) 26... Nh5 27. Bxh7+ Kh8 28. Qb4
Qxg5 29. h4 Qf4 30. Bf5 Qxb4 31. axb4 Re5 32. g4 Nf6 33. Rc3 Re1+ 34. Kh2 Bd5
35. Rcd3 (35. f3 $19 {ist noch eine duenne Chance}) 35... Rh1+ (35... g6 $5 {
waere im Gewinnsinne praeziser} 36. f3 gxf5 37. g5 $19) 36. Kg3 g6 37. Bxg6
fxg6 38. f3 a6 39. Re3 Rf8 40. Rd4 (40. Rdd3 {nuetzt auch nichts mehr} 40...
Rg1+ 41. Kh2 41... Rf1 $19) 40... Rb1 41. Re2 Nd7 42. Re3 0-1

[Event "ICS Rated blitz match"]
[Site "207.99.83.229"]
[Date "1999.07.20"]
[Round "?"]
[White "Slivovitz"]
[Black "Hossa"]
[Result "1-0"]
[WhiteElo "2038"]
[BlackElo "2359"]
[Annotator "Hiarcs 6.0 (21s)"]
[PlyCount "130"]
[EventDate "1999.??.??"]

1. e4 1... Nf6 {Opening = B03 - 3.d4 (d6 4.---)} 2. e5 Nd5 3. d4 d6 4. c4 Nb6
5. exd6 cxd6 6. Be2 e6 7. Nf3 d5 8. c5 N6d7 9. b4 Be7 10. Bf4 O-O 11. Nbd2 Bf6
12. Nb3 Re8 13. O-O e5 14. dxe5 Nxe5 15. Nxe5 Bxe5 16. Bxe5 Rxe5 17. Bf3 Be6
18. Nd4 Qh4 19. g3 Qf6 20. Bg2 Nc6 21. Nxc6 bxc6 22. Qd4 Re8 23. f4 Rf5 24.
Qxf6 Rxf6 25. Rfe1 Rf5 26. Bh3 Rh5 27. Bxe6 Rxe6 28. Rxe6 fxe6 29. Re1 Kf7 30.
h4 $15 (30. Re3 $5 {ist eine gute Alternative} 30... a5 $11) 30... d4 31. Rd1
Rd5 32. Rd3 Kf6 33. Kf2 33... g6 $14 (33... e5 $5 $142 {ist zu beachten} 34.
fxe5+ 34... Kxe5 $15) 34. Kf3 e5 35. Ke4 a5 36. a3 axb4 37. axb4 exf4 38. Kxf4
g5+ 39. hxg5+ Kf7 40. Ke4 Rxg5 41. Kxd4 h5 42. Kc3 Rg4 43. Kb3 Re4 (43... Kf6
44. Ka4 $18) 44. Ka4 Rg4 45. Ka5 Ke7 46. Rd6 Rxg3 47. Rxc6 h4 48. Rh6 h3 49.
Kb6 Rc3 50. c6 Rb3 51. b5 {Droht entscheidend c7} 51... Rc3 52. Kc7 h2 53. Rxh2
Kf6 54. b6 Re3 55. b7 Re7+ 56. Kb6 Re1 57. c7 Rb1+ 58. Ka7 Ra1+ 59. Kb8 Ke7 60.
c8=Q $1 {glaenzend gespielt. Droht Matt} 60... Kd6 61. Rd2+ $18 (61. Rh6+ Kd5
62. Qf5+ Kc4 63. Rh4+ Kb3 64. Qd3+ Ka2 65. Rh2#) 61... Ke5 {
Weiss darf nun die Drohung Rf1 nicht uebersehen} 62. Qe8+ 62... Kf4 {
Schwarz droht, mit Rf1 kontern} 63. Rf2+ $1 {ein unangenehmes Schach} 63... Kg4
64. Qg8+ (64. Qg6+ Kh3 65. Rf3+ Kh4 66. Rf4+ Kh3 67. Qg4+ Kh2 68. Rf2+ Kh1 69.
Qg2#) 64... Kh3 65. Rf7 (65. Qh8+ Kg3 66. Qh2+ Kg4 67. Qf4+ Kh5 68. Rh2+ Kg6
69. Rg2+ Kh7 70. Qh4#) 65... Ra5 (65... Ra4 {hilft auch nicht mehr} 66. Rf3+ $1
{ein boeses Schach} 66... Kh4 67. Qg3+ Kh5 68. Rf5+ Kh6 69. Qg5+ Kh7 70. Rf7+
Kh8 71. Qg7#) 1-0

[Event "ICS Rated blitz match"]
[Site "207.99.83.229"]
[Date "1999.07.20"]
[Round "?"]
[White "topolino"]
[Black "Hossa"]
[Result "1-0"]
[WhiteElo "2627"]
[BlackElo "2331"]
[PlyCount "65"]
[EventDate "1999.??.??"]

1. e4 Nf6 2. Nc3 d5 3. exd5 g6 4. Bb5+ c6 5. dxc6 bxc6 6. Bc4 Bg7 7. Nf3 O-O 8.
O-O Bg4 9. h3 Bxf3 10. Qxf3 e5 11. d3 Qc7 12. Be3 Nbd7 13. Bb3 Rab8 14. Rae1
Rbd8 15. Re2 a6 16. Rfe1 Qd6 17. Kh1 Rde8 18. Ne4 Nxe4 19. dxe4 Nf6 20. Rd2 Qb4
21. Bg5 Rd8 22. c3 Qe7 23. Red1 Rxd2 24. Rxd2 Rd8 25. Rxd8+ Qxd8 26. Bc4 a5 27.
Kh2 Qd6 28. h4 Qe7 29. h5 Qd6 30. h6 Bh8 31. g4 a4 32. Kg2 Qc5 33. Bxf6 {
Hossa resigns} 1-0

[Event "ICS Rated blitz match"]
[Site "207.99.83.229"]
[Date "1999.07.20"]
[Round "?"]
[White "Hossa"]
[Black "JudgeTurpin"]
[Result "1-0"]
[WhiteElo "2326"]
[BlackElo "2570"]
[PlyCount "185"]
[EventDate "1999.??.??"]

1. d4 d5 2. c4 e5 3. dxe5 d4 4. Nf3 Nc6 5. Bf4 Be6 6. Nbd2 Qd7 7. Qb3 O-O-O 8.
O-O-O Na5 9. Qc2 Bf5 10. Ne4 Nc6 11. Qb1 Bg4 12. e3 Bxf3 13. gxf3 Kb8 14. Rg1
h6 15. exd4 g6 16. Rd2 Bb4 17. Rd3 Qe6 18. Be3 Qxc4+ 19. Rc3 Qe6 20. Rc4 b5 21.
Nc5 Qc8 22. Qe4 bxc4 23. Qxc6 Bxc5 24. Qxc5 Qb7 25. Bxc4 Rh7 26. f4 c6 27. Qa3
Ka8 28. Ba6 Qd7 29. Qa5 Ne7 30. Kb1 Rhh8 31. Rc1 Rb8 32. Rc5 Nd5 33. Qa4 Nb4
34. Be2 Rb6 35. Ka1 Rhb8 36. Bf3 R8b7 37. Qd1 Nd5 38. Bc1 h5 39. Be4 Ne7 40. b3
Nd5 41. Qd3 Nb4 42. Qc4 Qd8 43. d5 cxd5 44. Rc8+ Qxc8 45. Qxc8+ Rb8 46. Bxd5+
Nxd5 47. Qd7 Nb4 48. Qxf7 Ra6 49. a3 Rb7 50. Qe8+ Rb8 51. Qd7 Rb7 52. Qd2 Rb5
53. Kb2 Nd5 54. Qd3 Rab6 55. Qc4 Rxb3+ 56. Qxb3 Kb7 57. Bd2 Rxb3+ 58. Kxb3 Kc6
59. Kc4 Nc7 60. a4 a6 61. a5 Ne6 62. Be3 Nd8 63. h3 Ne6 64. Bc1 Nc5 65. Bd2 Nb7
66. Kd4 Nd8 67. Be3 Nb7 68. Ke4 Nxa5 69. f5 gxf5+ 70. Kxf5 Nb3 71. e6 a5 72.
Kf6 Nc5 73. Bxc5 Kxc5 74. e7 h4 75. e8=Q Kb4 76. Qe1+ Kb5 77. Qxa5+ Kxa5 78.
Kg5 Kb6 79. Kxh4 Kc5 80. f4 Kd5 81. f5 Ke5 82. Kg5 Kd5 83. f6 Ke6 84. Kg6 Kd7
85. f7 Kd6 86. f8=Q+ Kd5 87. Qb4 Kc6 88. Qa5 Kd7 89. Qc5 Ke6 90. Qd4 Ke7 91.
Qd5 Ke8 92. Kf6 Kf8 93. Qd8# {JudgeTurpin checkmated} 1-0